| Tag |
First Indicator |
Second Indicator |
Subfields |
| LEADER |
00000cam a2200000 4500 |
| 001 |
in00000181721 |
| 005 |
20151009050314.0 |
| 008 |
730823s1969 ag 00000 spa d |
| 010 |
|
|
|a 70283272
|
| 035 |
|
|
|a (OCoLC)00681749
|
| 035 |
|
|
|9 AAU8077AM
|
| 040 |
|
|
|a ANC
|c ANC
|d TXA
|d UtOrBLW
|
| 049 |
|
|
|a TXAM
|c [1334252]
|
| 090 |
|
|
|a PQ7797.A66
|b J8 1969
|
| 100 |
1 |
|
|a Arlt, Roberto,
|d 1900-1942.
|
| 245 |
1 |
3 |
|a El juguete rabioso.
|
| 264 |
|
1 |
|a Buenos Aires :
|b Compania General Fabril Editora,
|c [1969]
|
| 264 |
|
4 |
|c [©1969]
|
| 300 |
|
|
|a 191 pages ;
|c 18 cm.
|
| 336 |
|
|
|a text
|b txt
|2 rdacontent
|
| 337 |
|
|
|a unmediated
|b n
|2 rdamedia
|
| 338 |
|
|
|a volume
|b nc
|2 rdacarrier
|
| 490 |
1 |
|
|a Los libros del mirasol,
|v 211
|
| 830 |
|
0 |
|a Libros del mirasol ;
|v 211.
|
| 999 |
|
|
|a MARS
|
| 999 |
f |
f |
|s 88eb824d-f006-33f3-9913-4dc8eb2d37a6
|i 033c7dc6-9666-3f44-b711-fc9ff12b1457
|t 0
|
| 952 |
f |
f |
|p normal
|a Texas A&M University
|b College Station
|c Sterling C. Evans Library
|d Evans: Library Stacks
|t 0
|e PQ7797.A66 J8 1969
|h Library of Congress classification
|i unmediated -- volume
|m A14803832330
|
| 998 |
f |
f |
|a PQ7797.A66 J8 1969
|t 0
|l Evans: Library Stacks
|